LEADER 01087cam0-2200313---450 001 990004356210403321 005 20240731095832.0 010 $a88-221-0225-8 035 $a000435621 035 $aFED01000435621 035 $a(Aleph)000435621FED01 100 $a19990604d1985----km-y0itay50------ba 101 0 $aita 102 $aIT 105 $a--------001yy 200 1 $a<>classificazione tipologica delle lingue di J. H. Greenberg$evalutazione critica e saggi di applicazione$fMarco Merlini 210 $aFirenze$cLa Nuova Italia$d1985 215 $aXVI, 170 p.$d24 cm 225 1 $aPubblicazioni della Facoltà di Lettere e Filosofia dell'Università di Milano$v111$iSezione a cura dell'istituto di glottologia$v8 610 0 $aLingue$aClassificazioni 676 $a401.3$v22$zita 700 1$aMerlini,$bMarco$0174010 801 0$aIT$bUNINA$gRICA$2UNIMARC 901 $aBK 912 $a990004356210403321 952 $a416 MERL 01$bDip.f.m.6058$fFLFBC 959 $aFLFBC 996 $aClassificazione tipologica delle lingue di J. H. Greenberg$9540323 997 $aUNINA